Your top investing moves for retirement

Gives all ways to make an effective personel retirement planning

保存先:
書誌詳細
第一著者: Ellis, Junius
フォーマット: 図書
言語:Undetermined
出版事項: New York Money Books 1997
主題:
タグ: タグ追加
タグなし, このレコードへの初めてのタグを付けませんか!
Thư viện lưu trữ: Trung tâm Học liệu Trường Đại học Cần Thơ
LEADER 00738nam a2200229Ia 4500
001 CTU_219907
008 210402s9999 xx 000 0 und d
020 |c 12 
082 |a 332.024 
082 |b E47 
100 |a Ellis, Junius 
245 0 |a Your top investing moves for retirement 
245 0 |c Junius Ellis 
260 |a New York 
260 |b Money Books 
260 |c 1997 
520 |a Gives all ways to make an effective personel retirement planning 
650 |a Retirement,Về hưu,Finance, personal,Tài chính, cá nhân 
650 |x Planning,Lập kế hoạch 
650 |z United States,Hoa Kỳ,United States,Hoa Kỳ 
904 |i Nguyên 
980 |a Trung tâm Học liệu Trường Đại học Cần Thơ